Retrouvez ces films grâce à leur sous-titre #5 - Statistiques

Statistiques générales
  • Ce quiz a été pris 93 fois
  • Le résultat moyen est 3 sur 12
Statistiques - réponses
Sous-titres Titres des films % Correct
Puisqu'on Woody qu'il revient ! Toy Story 3
90%
50% homme, 50% machine, 100% flic Robocop
61%
Mignons. Malins. Méchants. Intelligents. Dangereux. Les Gremlins
44%
Cot Cot ! Meuh Meuh ! Groin Groin ! Bêêe Bêêe ! (en gros ils disent qu'ils sont pas contents) La Ferme se rebelle
32%
Cet été, confiez vos enfants à des professionnels... Nos jours heureux
18%
Même les petits poissons ont des gros sushis Gang de requins
16%
4 mariages, 2 têtes d’enterrement Qu'est ce qu'on a fait au bon Dieu ?
15%
Préparez votre plus beau sourire Joker
10%
Jamais un père n’avait été aussi proche de ses enfants Madame Doubtfire
9%
Pour eux, la vie n’a pas le même sens L'Étrange Histoire de Benjamin Button
5%
En cas d'urgence, faites le 4 Les 4 fantastiques
4%
Nous serons tous spectateurs Hunger Games
1%
Aucun quiz correspondant
Distribution des résultats
% des personnes avec chaque résultat
Percentile par nombre de réponses
Votre historique - résultats
Vous n’avez pas pris ce quiz